Glacial-drift gas in Illinois.

Bibliographic Details
Main Author: Meents, Wayne Franklin
Format: Book
Language:English
Published: Urbana : Division of the Illinois State Geological Survey, 1960.
Series:Circular (Illinois State Geological Survey) ; 292.
Subjects:

MARC

Tag First Indicator Second Indicator Subfields
LEADER 00000cam a2200000 4500
001 in00000267621
005 20151010060530.0
008 750415s1960 iluab b s00000 eng d
010 |a a 60009552  
035 |a (OCoLC)01278548 
035 |9 ABD3372AM 
040 |c SPI  |d TXA  |d UtOrBLW 
049 |a TXAM  |c [327827] 
050 0 0 |a QE105  |b .A45 no.292 
100 1 |a Meents, Wayne Franklin. 
245 1 0 |a Glacial-drift gas in Illinois. 
264 1 |a Urbana :  |b Division of the Illinois State Geological Survey,  |c 1960. 
300 |a 58 pages :  |b illustrations, maps. ;  |c 25 cm. 
336 |a text  |b txt  |2 rdacontent 
337 |a unmediated  |b n  |2 rdamedia 
338 |a volume  |b nc  |2 rdacarrier 
490 1 |a Illinois. State Geological Survey. Circular ;  |v 292 
500 |a Cover title. 
504 |a Bibliography: page 33. 
650 0 |a Natural gas  |z Illinois. 
830 0 |a Circular (Illinois State Geological Survey) ;  |v 292. 
999 |a MARS 
999 f f |s d18a36c0-745e-3746-b9a3-14951ed94916  |i 954cdc8f-671f-3420-83d9-53247da43951  |t 0 
952 f f |a Texas A&M University  |b College Station  |c Sterling C. Evans Library  |s Evans stk  |d Evans: Library Stacks  |t 0  |e QE105 .A45 no.271-295  |h Library of Congress classification 
998 f f |a QE105 .A45 no.271-295  |t 0  |l Evans: Library Stacks